Cooperación municipal para el desarrollo /

Bewaard in:
Bibliografische gegevens
Hoofdauteur: Cuerda, José Angel
Formaat: Texto
Onderwerpen:
Tags: Voeg label toe
Geen labels, Wees de eerste die dit record labelt!

MARC

LEADER 00000 a a2200000 04500
001 18659
003
040
100 |a Cuerda, José Angel  
245 |a Cooperación municipal para el desarrollo /  |c José Angel Cuerda  
650 |a EXCLUSION SOCIAL  
650 |a DESARROLLO SOSTENIBLE  
650 |a COOPERACION INTERNACIONAL  
773 |g número 31; páginas 33-39  
999 |c 19779  |d 19779